skbl

Dr Suryya Kumar Bhuyan Library Web-OPAC
ডঃ সূৰ্য্য
কুমাৰ ভূঞা পুথিভঁৰাল ৱেব-অ'পেক

All Research Scholars are advised to clear the annual library fees to continue using Library Resources, Remote Access, Plagiarism Test and Library Clearance.

Cotton University Book Fair 2026

History of the Frontier Areas Bordering on Assam from 1883-1941 / (Record no. 3367)

MARC details
000 -LEADER
fixed length control field 00713nam a2200241Ia 4500
001 - CONTROL NUMBER
control field 3379
003 - CONTROL NUMBER IDENTIFIER
control field OSt
005 - DATE AND TIME OF LATEST TRANSACTION
control field 20240513132038.0
008 - FIXED-LENGTH DATA ELEMENTS--GENERAL INFORMATION
fixed length control field 190827n ii |||gr||||Z||||||465
020 ## - INTERNATIONAL STANDARD BOOK NUMBER
International Standard Book Number 9789382624615
040 ## - CATALOGING SOURCE
Transcribing agency English
082 ## - DEWEY DECIMAL CLASSIFICATION NUMBER
Classification number 954.126
100 ## - MAIN ENTRY--PERSONAL NAME
Personal name Reid, Robert .
245 #0 - TITLE STATEMENT
Title History of the Frontier Areas Bordering on Assam from 1883-1941 /
Statement of responsibility, etc. Robert Reid.
Medium Textual Documents
250 ## - EDITION STATEMENT
Edition statement 1st ed. /
260 ## - PUBLICATION, DISTRIBUTION, ETC.
Place of publication, distribution, etc. Shillong :
Name of publisher, distributor, etc. Govt of Assam ,
Date of publication, distribution, etc. 1942.
300 ## - PHYSICAL DESCRIPTION
Extent 303p. :
Other physical details ill ;
Dimensions 24 cm. .
504 ## - BIBLIOGRAPHY, ETC. NOTE
Bibliography, etc. note Index
653 ## - INDEX TERM--UNCONTROLLED
Uncontrolled term History ; Areas Bordering on Assam
653 ## - INDEX TERM--UNCONTROLLED
Uncontrolled term G-History
653 ## - INDEX TERM--UNCONTROLLED
Uncontrolled term History of the Frontier Areas Bordering on Assam from 1883-1941 /
942 ## - ADDED ENTRY ELEMENTS (KOHA)
Source of classification or shelving scheme Dewey Decimal Classification
Koha item type Books
Holdings
Withdrawn status Lost status Source of classification or shelving scheme Damaged status Not for loan Home library Current library Date acquired Coded location qualifier Total checkouts Full call number Barcode Date last seen Copy number Price effective from Koha item type Shelving location Cost, normal purchase price Date last checked out
    Dewey Decimal Classification     Dr. Suryya Kumar Bhuyan Library Dr. Suryya Kumar Bhuyan Library 01/02/2012 00000   954.126 Rei 38/Gift 13/01/2024 1 01/02/2012 Books      
    Dewey Decimal Classification     Dr. Suryya Kumar Bhuyan Library Dr. Suryya Kumar Bhuyan Library 01/02/2012 00000 1 954.126 Re 272 Hi 1577/cu 24/06/2024 2 01/02/2012 Books   550.00 13/05/2024
    Dewey Decimal Classification     Dr. Suryya Kumar Bhuyan Library Dr. Suryya Kumar Bhuyan Library 13/05/2024         13/05/2024   13/05/2024 Books      

Designed and Maintained by Team SKBL
©1901-2026

Powered by Koha